高等裁判所の本庁及び支部 - Statistics

General Stats
  • This quiz has been taken 16 times
  • The average score is 13 of 14
Answer Stats
Hint Answer % Correct
本庁 札幌
100%
本庁 仙台
100%
本庁 東京
100%
本庁 名古屋
100%
本庁 大阪
100%
本庁 広島
100%
本庁 高松
100%
本庁 福岡
100%
支部 金沢
87%
支部 那覇
87%
支部 岡山
80%
支部 秋田
73%
支部 松江
67%
支部 宮崎
67%
No matching quizzes found
Score Distribution
Percent of People with Each Score
Percentile by Number Answered
Your Score History
You have not taken this quiz